[Event "SM-2013-0-00247"]
[Site "LSS email"]
[Date "2013.04.08"]
[Round "?"]
[White "Boychuk, Taras"]
[Black "Nemec, Zdenek"]
[Result "1-0"]
[WhiteElo "2304"]
[BlackElo "2161"]
[PlyCount "117"]
[EventDate "2013.03.03"]
[EventType "tourn (corr)"]
[EventRounds "6"]
[EventCountry "GER"]
[SourceTitle "Telechess CBM 163"]
[Source "ChessBase"]
[SourceDate "2014.11.11"]
[SourceVersion "2"]
[SourceVersionDate "2014.11.11"]
[SourceQuality "1"]

1. Nf3 Nf6 2. c4 c6 3. Nc3 d5 4. e3 a6 5. d4 b5 6. b3 Bg4 7. Be2 Nbd7 8. 0-0 e6 9. Bb2 Bd6 10. c5 Bb8 11. Ne5 Bxe2 12. Nxe2 Bxe5 13. dxe5 Ng8 14. e4 Ne7 15. Qd4 Qc7 16. Ng3 0-0 17. f4 dxe4 18. Nxe4 Rfd8 19. Nd6 a5 20. a3 h6 21. g4 Nd5 22. Qf2 b4 23. a4 Rf8 24. Bd4 f6 25. exf6 N7xf6 26. Rae1 Qd7 27. Qe2 Ne8 28. Qxe6+ Qxe6 29. Rxe6 Rxf4 30. Rxf4 Nxf4 31. Re4 Nxd6 32. cxd6 Nd5 33. d7 Kf7 34. Bxg7 Rd8 35. Bxh6 Rxd7 36. h4 Nc3 37. Rc4 Rd6 38. g5 Kg6 39. Kf2 Kh5 40. Bg7 Nb1 41. Be5 Re6 42. Bf4 Kxh4 43. Kf3 Nc3 44. Rc5 Ne4 45. Rxa5 Kh5 46. Be3 Kg6 47. Ra8 Nxg5+ 48. Ke2 Nh7 49. a5 Nf6 50. Kd3 Nd5 51. Bd2 Kf6 52. a6 Nc7 53. Ra7 Rd6+ 54. Kc4 Nb5 55. Bxb4 Rd1 56. Ra8 Rc1+ 57. Kd3 Rd1+ 58. Bd2 Ke6 59. a7 1-0

[Event "LSS WC-2011-S-00011"]
[Site "LSS email"]
[Date "2008.10.23"]
[Round "?"]
[White "Bendig, Frank"]
[Black "Boychuk, Taras"]
[Result "0-1"]
[WhiteElo "2208"]
[BlackElo "2306"]
[PlyCount "130"]
[EventDate "2008.10.23"]
[EventType "tourn (corr)"]
[EventRounds "10"]
[EventCountry "GER"]
[SourceTitle "Corr 2013"]
[Source "ChessBase"]
[SourceDate "2012.11.12"]
[SourceVersion "1"]
[SourceVersionDate "2012.11.12"]
[SourceQuality "1"]
[WhiteTeam "US of America"]
[BlackTeam "US of America"]
[WhiteTeamCountry "USA"]
[BlackTeamCountry "USA"]

1. Nf3 Nf6 2. c4 g6 3. b3 Bg7 4. Bb2 0-0 5. g3 d5 6. Bg2 Nc6 7. 0-0 d4 8. b4 d3 9. b5 Nb4 10. Nc3 Bf5 11. Qb3 a5 12. e3 Nc2 13. Rac1 Ne4 14. Na4 Bxb2 15. Qxb2 Qd6 16. Nd4 Qb4 17. Nxc2 dxc2 18. g4 Nxd2 19. gxf5 Nxf1 20. Qxc2 Nxe3 21. fxe3 Rad8 22. fxg6 fxg6 23. Nc3 Qxc4 24. Qe2 Qxe2 25. Nxe2 Rd2 26. Nd4 c6 27. bxc6 bxc6 28. Nxc6 Rff2 29. Bf1 Rxh2 30. Nxa5 Kg7 31. a4 Rh4 32. Bb5 Rg4+ 33. Kh1 Rf2 34. Rc4 Rgg2 35. Bc6 Rh2+ 36. Kg1 Ra2 37. Rc1 Rhe2 38. Nc4 g5 39. Bf3 Rec2 40. Rxc2 Rxc2 41. Ne5 Kf6 42. Ng4+ Ke6 43. Nf2 Ra2 44. Ne4 Kf5 45. Nc5 h6 46. Bd5 Ra1+ 47. Kf2 Kg4 48. Be6+ Kh4 49. Kg2 g4 50. Bd5 h5 51. Bf7 Ra3 52. Bb3 Kg5 53. Kg1 h4 54. Kh2 Ra1 55. Ne6+ Kf5 56. Nf4 Ke4 57. Ng2 h3 58. Nf4 Kxe3 59. Nh5 Rf1 60. Be6 Rf2+ 61. Kh1 Rg2 62. a5 Kf2 63. Bd5 g3 64. Nxg3 Rxg3 65. Kh2 Ra3 0-1

[Event "LSS WC-2011-S-00011"]
[Site "LSS email"]
[Date "2008.10.23"]
[Round "?"]
[White "Boychuk, Taras"]
[Black "Belanoff, Stuart B"]
[Result "1-0"]
[WhiteElo "2283"]
[BlackElo "2369"]
[PlyCount "125"]
[EventDate "2008.10.23"]
[EventType "tourn (corr)"]
[EventRounds "10"]
[EventCountry "GER"]
[SourceTitle "Corr 2011"]
[Source "ChessBase"]
[SourceDate "2010.08.31"]
[SourceVersion "1"]
[SourceVersionDate "2010.08.31"]
[SourceQuality "1"]

1. d4 d5 2. c4 dxc4 3. Nf3 Nf6 4. e3 e6 5. Bxc4 c5 6. 0-0 a6 7. Qe2 Nc6 8. Rd1 Qc7 9. dxc5 Bxc5 10. a3 0-0 11. b4 Bd6 12. Bb2 e5 13. e4 Bg4 14. Nbd2 b5 15. Ba2 Bh5 16. Rac1 Rac8 17. h3 Rfd8 18. Qe3 Qb7 19. Nb3 Bxf3 20. Qxf3 h6 21. g3 Ne7 22. Rxc8 Qxc8 23. Kg2 Nc6 24. Qe2 Qe6 25. Qc2 Rc8 26. Rc1 Qe8 27. Bb1 Rc7 28. Qd3 Bf8 29. Nd2 Rd7 30. Qc3 Rd6 31. Nf3 Qa8 32. Qe3 Qe8 33. Ba2 Nd7 34. Rc2 Nf6 35. Rc5 Nd7 36. Rd5 Rf6 37. Rd3 Rd6 38. Ba1 Qe7 39. Bd5 Nf6 40. Bxc6 Rxc6 41. Bxe5 Nd7 42. Ba1 Nb6 43. Nd4 Nc4 44. Qf3 Rb6 45. Nf5 Qc7 46. h4 g6 47. Qg4 Re6 48. h5 Ne5 49. Bxe5 Qxe5 50. hxg6 fxg6 51. Nh4 h5 52. Qe2 Qxe4+ 53. Qxe4 Rxe4 54. Nxg6 Bh6 55. Rd6 Bc1 56. Rxa6 Kg7 57. Nh4 Re5 58. Ra5 Kf6 59. f4 Rd5 60. Nf3 Rd1 61. a4 bxa4 62. Rxa4 Be3 63. Ra6+ 1-0

[Event "LSS WC-2011-S-00011"]
[Site "LSS email"]
[Date "2008.10.23"]
[Round "?"]
[White "Boychuk, Taras"]
[Black "Henrichs, Thomas"]
[Result "1-0"]
[WhiteElo "2267"]
[BlackElo "2398"]
[PlyCount "31"]
[EventDate "2008.10.23"]
[EventType "tourn (corr)"]
[EventRounds "10"]
[EventCountry "GER"]
[SourceTitle "Corr 2011"]
[Source "ChessBase"]
[SourceDate "2010.08.31"]
[SourceVersion "1"]
[SourceVersionDate "2010.08.31"]
[SourceQuality "1"]

1. d4 Nf6 2. c4 g6 3. Nc3 d5 4. cxd5 Nxd5 5. e4 Nxc3 6. bxc3 Bg7 7. Bc4 c5 8. Ne2 0-0 9. 0-0 Nc6 10. Be3 Bd7 11. Rb1 Qc7 12. Bd3 Rad8 13. Qc1 Bc8 14. Rd1 a6 15. h3 Qa5 16. Bc4 1-0

[Event "LSS WC-2011-S-00011"]
[Site "LSS email"]
[Date "2008.10.23"]
[Round "?"]
[White "Schuster, Peter"]
[Black "Boychuk, Taras"]
[Result "1/2-1/2"]
[WhiteElo "2410"]
[BlackElo "2280"]
[PlyCount "76"]
[EventDate "2008.10.23"]
[EventType "tourn (corr)"]
[EventRounds "10"]
[EventCountry "GER"]
[SourceTitle "Corr 2011"]
[Source "ChessBase"]
[SourceDate "2010.08.31"]
[SourceVersion "1"]
[SourceVersionDate "2010.08.31"]
[SourceQuality "1"]

1. e4 d6 2. f4 c5 3. Nf3 g6 4. Nc3 Bg7 5. Bc4 Nc6 6. 0-0 Nf6 7. d3 0-0 8. h3 a6 9. a4 e6 10. Bb3 b6 11. Qe1 d5 12. e5 Nd7 13. Bd2 Bb7 14. Ne2 f6 15. exf6 Nxf6 16. c3 Qd6 17. Qh4 Rae8 18. Rae1 Nd7 19. Ng3 b5 20. Rf2 Re7 21. Rfe2 c4 22. Bc2 e5 23. axb5 axb5 24. b4 cxd3 25. Bxd3 e4 26. Bxb5 h6 27. Kh1 Ref7 28. Nxe4 dxe4 29. Rxe4 g5 30. Qf2 gxf4 31. Bc4 Nce5 32. Rxe5 Bxe5 33. Nxe5 Nxe5 34. Bxf4 Nxc4 35. Qg3+ Rg7 36. Bxd6 Rxg3 37. Bxg3 Bd5 38. Kg1 Ra8 1/2-1/2

[Event "IECG WC.2010.P.00016 email"]
[Site "IECG email"]
[Date "2006.06.05"]
[Round "?"]
[White "Blittkowsky, Ralf"]
[Black "Boychuk, Taras"]
[Result "0-1"]
[WhiteElo "1907"]
[BlackElo "2192"]
[PlyCount "50"]
[EventDate "2006.06.05"]
[EventType "tourn (corr)"]
[EventRounds "6"]
[SourceTitle "Corr 2008"]
[Source "ChessBase"]
[SourceDate "2008.06.24"]
[SourceVersion "1"]
[SourceVersionDate "2008.06.24"]
[SourceQuality "1"]

1. c3 e5 2. d4 e4 3. Bf4 d5 4. e3 Nf6 5. Ne2 Nh5 6. Nd2 Nc6 7. h3 Be6 8. Qb3 Rb8 9. Bh2 Bd6 10. g4 Nf6 11. Bxd6 Qxd6 12. Nf4 0-0 13. g5 Nd7 14. h4 b5 15. h5 Ne7 16. Rg1 c5 17. g6 hxg6 18. hxg6 Nxg6 19. Nxg6 fxg6 20. Rxg6 Qe7 21. Rg2 Qh4 22. Qa3 Bg4 23. Qb3 Rf5 24. Nxe4 c4 25. Qc2 dxe4 0-1

[Event "IECG WC.2010.P.00016 email"]
[Site "IECG email"]
[Date "2006.06.05"]
[Round "?"]
[White "Keller, Martin"]
[Black "Boychuk, Taras"]
[Result "0-1"]
[WhiteElo "2153"]
[BlackElo "2192"]
[PlyCount "100"]
[EventDate "2006.06.05"]
[EventType "tourn (corr)"]
[EventRounds "6"]
[SourceTitle "Corr 2008"]
[Source "ChessBase"]
[SourceDate "2008.06.24"]
[SourceVersion "1"]
[SourceVersionDate "2008.06.24"]
[SourceQuality "1"]

1. e4 e5 2. Nf3 Nc6 3. Bb5 a6 4. Ba4 Nf6 5. 0-0 Be7 6. Re1 b5 7. Bb3 d6 8. c3 0-0 9. h3 Na5 10. Bc2 c5 11. d4 Qc7 12. Nbd2 Be6 13. d5 Bd7 14. Nf1 Nc4 15. Bd3 Nb6 16. g4 c4 17. Bc2 a5 18. Ng3 g6 19. Bh6 Rfb8 20. Nd2 Bc8 21. Kh2 Nfd7 22. Rf1 Ba6 23. f4 exf4 24. Rxf4 Ne5 25. Nf3 Nbd7 26. Nxe5 Nxe5 27. Qd2 b4 28. g5 Qd8 29. Rf2 bxc3 30. bxc3 Rb2 31. Ne2 Bc8 32. Nd4 Qd7 33. Qe3 Rab8 34. Nc6 R8b7 35. a4 Bd8 36. Nxd8 Qxd8 37. Kg2 Qe7 38. Re2 Nd3 39. Bxd3 cxd3 40. Qxd3 Rxe2+ 41. Qxe2 Qe5 42. Ra2 Qxc3 43. Qf3 Rb2+ 44. Rxb2 Qxb2+ 45. Kg3 Qe5+ 46. Kf2 Qd4+ 47. Kf1 Qb2 48. Qf6 Bxh3+ 49. Ke1 Qxf6 50. gxf6 Bg2 0-1